00438nam a22001097a 4500020001500000040000800015082002600023100001700049245004300066260016700109300005200276 a9995058006 cDLC a581 RAT 2005 C279 Or. aTeav Ratanak a Paysages et plantations de Phnom Penh aPhnom Penh,bAmbassade de France au Cambodge, Service de Coopération et d'Action culturelle et Municipalité de Phnom Penh, Bureau des Affaires urbaines,c2005 a80 pages : bcolor illustrations, maps ;c24 cm